| 000 | 01004cam a2200301 i 4500 | ||
|---|---|---|---|
| 001 | 016485537 | ||
| 003 | OSt | ||
| 005 | 20201128021021.0 | ||
| 008 | 130731t2014 xxka frb 001 0 eng d | ||
| 020 | _a9781292024684 (pbk.) | ||
| 020 | _a1292024682 (pbk.) | ||
| 040 |
_aUK-WkNB _beng _cUK-WkNB _dUkCU |
||
| 082 | 0 | 4 |
_a621.395 _222 _bMAN |
| 100 | 1 |
_aMano, M. Morris, _d1927- _94221 |
|
| 245 | 1 | 0 |
_aLogic and computer design fundamentals / _cM. Morris Mano, Charles Kime. |
| 250 |
_a4th ed., _bPearson New international ed. |
||
| 260 |
_aHarlow, United Kingdom : _bPearson Education Limited, _cc.2014. |
||
| 300 |
_aii, 696 p. : _bill. ; _c28 cm. |
||
| 490 | 0 | _aPearson custom library | |
| 500 | _aIndex : p. 689-695. | ||
| 504 | _aIncludes bibliographical references. | ||
| 650 | 0 |
_aElectronic digital computers _xCircuits _91484 |
|
| 650 | 0 |
_aLogic circuits _91224 |
|
| 653 |
_bEle _cJanuary2014 |
||
| 655 |
_vreading book _934232 |
||
| 700 | 1 |
_aKime, Charles R. _934960 |
|
| 942 |
_2ddc _k621.395 MAN |
||
| 999 |
_c17975 _d17947 |
||